| 000 | 00768nam a22002417a 4500 | ||
|---|---|---|---|
| 003 | DO-SdBNP | ||
| 005 | 20240305091921.0 | ||
| 007 | ta | ||
| 008 | 211110b2011 dr ||||| |||| 00| 0 eng d | ||
| 020 | _a9789945473179 | ||
| 040 |
_aDO-SdBNP _bspa _cBNPHU |
||
| 082 | 4 |
_aRD861.44 _bM632o _222 |
|
| 100 | 1 |
_aMieses, Juan Carlos, _d1947- _925472 |
|
| 245 | 1 | 0 |
_aOda al nuevo mundo : _bantología poética / _cJuan Carlos Mieses. |
| 260 |
_aSanto Domingo : _bSantuario, _c2011. |
||
| 300 |
_a88 p. ; _c23 cm. |
||
| 500 | _aIncluye datos biográficos del autor en la solapa de la cubierta | ||
| 590 | _aInventariado, 2021/BT | ||
| 650 | 4 | _aPoesía dominicana | |
| 650 | 4 | _aLiteratura dominicana | |
| 910 | _aBtavárez/Validado. Control de calidad MFF | ||
| 942 |
_2ddc _cLBS1 |
||
| 999 |
_c50915 _d50915 |
||